Responses for show #3999 - Thursday, January 10, 2002

Contestants

Jeremy Cohen, a television producer from Washington, D.C.

Valerie O'Brien, a Spanish instructor from Arlington, Virginia

David Bell, an advertising executive from Atlanta, Georgia (whose 3-day cash winnings total $44,199)

Jeopardy! Round responses

ALICE IN WONDERLAND
SAILOR TALK
HISTORICAL COLLECT CALL FROM...
FOREIGN FUNDS
MUSIC MEN
VERB FIRST NAMES
    $200 13
Thames

Jeremy
    $200 1
(Valerie: What is lover?)
(Alex: [*] is right, yes.)
[The correction was made after clue 3.]

lubber

Valerie
Triple Stumper
    $200 19
Shakespeare

David
    $200 2
pound

Valerie
    $200 25
Jimi Hendrix

David
    $200 4
wink

David
    $400 14
(Jeremy: Who is the Mad Hatter?)
(David: Who is the March Hare?)

White Rabbit

DavidJeremy
Triple Stumper
    $400 5
jib

David
    $400 20
Florence Nightingale

David
    $400 3
(Alex: Currency is the [*].
Valerie, good news
and bad news for you.
You're the only one with cash at the moment.
However, our judges
have reviewed your response a few minutes ago. I thought I heard you say "lover." They've checked the tape, and you did say "lover" instead of "lubber," so the $400 you have gets taken away. But you're tied for the lead.)

peso

Triple Stumper
    $400 26
Duke Ellington

David
    $400 7
wade

Jeremy
    $600 15
croquet

Valerie
    $600 6
anchor

Jeremy
    $600 21
(Valerie: Who is Bell?)

Watson

ValerieJeremy
    $600 16
Romania

Valerie
    $600 27
the Gershwins

Valerie
    $600 8
lance

David
    $800 22
(Alex: That's right, a minute to go now.)

Caterpillar

Valerie
    $1,500 11
portholes

David
    $800 23
Benedict Arnold

David
    $800 17
lira

Valerie
    $800 28
[End of round signals.]

Cole Porter

Jeremy
    $800 9
mark

David
    $1000 12
(Alex: [mimes taking a drink] Splicing the main brace ashore is...[*].)
[Laughter]

getting into the sauce

Triple Stumper
    $1000 24
Rutherford B. Hayes

Triple Stumper
    $1000 18
(David: What is Guyana?)

Suriname

David
Triple Stumper
    $1000 10
grant

David

Scores at the first commercial break (after clue 15):

David Valerie Jeremy
$4,100 $600 $800

Scores at the end of the Jeopardy! Round:

David Valerie Jeremy
$5,100 $2,800 $2,200

Double Jeopardy! Round responses

20th CENTURY AMERICAN ARTISTS
TELL ME YOUR TROUBLES
SWEET HOME, ALABAMA
QUEEN'S BIRTHDAY HONORS 2001
SPORTS FILMS
GONNA FLY NOW
    $400 12
Norman Rockwell

David
    $400 1
ruin

David
    $400 7
Montgomery

David
    $400 17
(James) Galway

Valerie
    $400 6
Rocky

Valerie
    $400 22
(Alex: Correct, a minute to go.)

Amelia Earhart

Valerie
    $800 18
(Valerie: Who is Wyeth?)
(Alex: Which one?)

Andrew Wyeth

Valerie
    $800 2
quandary

Jeremy
    $800 8
Birmingham

David
    $800 27
Gerry Anderson

Triple Stumper
    $800 10
Ronald Reagan

Jeremy
    $800 23
biplane

David
    $3,000 19
(Valerie: Oh gosh. Who is Judy...Judy New York?)

Judy Chicago

Valerie
    $1200 3
busted

Jeremy
    $1200 9
Mobile

Jeremy
    $1200 28
Minghella

Valerie
    $1200 11
Chariots of Fire

Valerie
    $1200 24
USSR

David
    $1600 20
(David: Who is Grant Wood?)

(Edward) Hopper

DavidJeremy
    $1600 4
fix

Triple Stumper
    $1600 15
Huntsville

David
    $1600 29
[End of round signals]

Shirley Valentine

Valerie
    $1600 13
Bull Durham

David
    $1600 25
sortie

Valerie
    $2000 21
Thomas Kinkade

Triple Stumper
    $2000 5
(Valerie: What is predicament?)

plight

Valerie
Triple Stumper
    $2,000 16
Tuskegee

David
    $2000 14
Slap Shot

David
    $2000 26
(David: What is the X-1?)
...
(Alex: Came much later than the X-1--the [*].)

X-15

David
Triple Stumper

Scores at the end of the Double Jeopardy! Round:

David Valerie Jeremy
$12,700 $5,400 $7,800

[wagering suggestions for these scores]

Final Jeopardy! Round responses

PAST PRESIDENTIAL CANDIDATES
ValerieWho is Tip O'Neil?
$4,000
JeremyWho is Rockefeller
$2,300
DavidWho is Eugene Deb
$9,000
Al Smith

Final scores:

David Valerie Jeremy
$3,700 $1,400 $5,500
2nd place: trip to Grand Cayman Islands by Yahoo! Travel 3rd place: trip to San Francisco & stay at the Argent Hotel New champion: $5,500

Game dynamics:

Coryat scores:

David Valerie Jeremy
$12,000 $8,400 $7,800
21 R
(including 2 DDs),
4 W
14 R,
4 W
(including 1 DD)
10 R,
1 W

Combined Coryat: $28,200

The J! Archive is created by fans, for fans. The Jeopardy! game show and all elements thereof, including but not limited to copyright and trademark thereto, are the property of Jeopardy Productions, Inc. and are protected under law. This website is not affiliated with, sponsored by, or operated by Jeopardy Productions, Inc. Join the discussion at JBoard.tv.